English counties - Statistics

General Stats
  • This quiz has been taken 21 times
    7 since last reset
  • The average score is 41 of 47
Answer Stats
Answer % Correct
Bedfordshire
100%
Berkshire
100%
Cambridgeshire
100%
Cheshire
100%
Cornwall
100%
Country Durham
100%
Devon
100%
Dorset
100%
Essex
100%
Kent
100%
Norfolk
100%
Nottinghamshire
100%
West sussex
100%
West Yorkshire
100%
Bristol
86%
Buckinghamshire
86%
Cumbria
86%
Derbyshire
86%
Lancashire
86%
East Riding of Yorkshire
86%
East sussex
86%
Gloucestershire
86%
Greater London
86%
Hampshire
86%
Herefordshire
86%
Hertfordshire
86%
Leicestershire
86%
Lincolnshire
86%
Northamptonshire
86%
Northumberland
86%
North Yorkshire
86%
Rutland
86%
Shropshire
86%
Somerset
86%
South Yorkshire
86%
Staffordshire
86%
Suffolk
86%
Surrey
86%
Tyne and Wear
86%
Wiltshire
86%
Worcestershire
86%
Greater Manchester
71%
Isle of wight
71%
Merseyside
71%
Oxfordshire
71%
Warwickshire
71%
West Midlands
71%
No matching quizzes found
Score Distribution
Percent of People with Each Score
Percentile by Number Answered
Your Score History
You have not taken this quiz since the last reset